Benenne das Super Mario Spiel - Statistiken

Allgemein
  • Dieses Quiz wurde 97 mal gespielt
  • Das Durchschnittsergebnis liegt bei 6 aus 16
Antwortstatistiken
Hint Antwort % Korrekt
Mithilfe eines blauen Panzers kann Mario zu Koopa-Mario werden New Super Mario Bros
64%
Die Metabowlie ist im Pilzkönigreich ausgebrochen Mario & Luigi Abenteuer Bowser
47%
Die Pixels unterstützen Mario in diesem Abenteuer Super Paper Mario
47%
Hier kämpfte Mario das erste Mal gegen die Koopalinge Super Mario Bros 3
46%
Es gibt verschiedenfarbige Yoshis, die je nach Farbe unterschiedliche Fähigkeiten haben Super Mario World
45%
Hier hatte Daisy ihren ersten Auftritt Super Mario Land
43%
Bowser schrumpft Mario und seine Freunde Mario Party DS
42%
Es gibt einen roten Powerstern Super Mario Galaxy
41%
Mario gewinnt den Schlotter-Grand-Prix Super Mario Odyssey
39%
Die Pennhenne spielt eine zentrale Rolle Mario & Luigi Dream Team Bros
38%
Der Endboss heißt Wart Super Mario Bros 2
37%
Mario reist mit dem Glimmer-Liner Paper Mario Die Legende vom Äonentor
36%
Billy Balla Balla und Kopftopf sind die Hosts dieses Spiels Mario Party 8
33%
Mario besucht auf seiner Reise das Shogunland Paper Mario The Origami King
29%
Mario absolviert Herausforderungen des legendären Wanderaffen Super Mario Galaxy 2
26%
Der wohl markanteste Boss heißt Zyklaps Super Mario 64
20%
Keine übereinstimmenden Quizze gefunden
Verteilung der Resultate
Anzahl Personen mit jedem Resultat
Perzentil nach korrekt beantworteten Fragen
Ihre Resultats-Entwicklung
Sie haben dieses Quiz noch nicht gespielt